Census County Divisions of Wyoming With a Map - Statistics

General Stats
  • This quiz has been taken 224 times
  • The average score is 16 of 71
Answers on the Map
Answers color-coded by a green-red scale on the quiz's map according to % correct below.
 
Answer Stats
County CCD % Correct
Laramie Cheyenne
91%
Natrona Casper
80%
Albany Laramie
76%
Park Yellowstone National Park
61%
Teton Yellowstone National Park
61%
Park Cody
59%
Sheridan Sheridan
56%
Teton Jackson Hole
45%
Johnson Buffalo
40%
Carbon Rawlins
38%
Uinta Evanston
37%
Converse Douglas
35%
Goshen Torrington
34%
Park Powell
33%
Crook Sundance
33%
Fremont Lander
32%
Platte Wheatland
28%
Washakie Worland
28%
Sublette Pinedale
23%
Fremont Dubois
22%
Weston Newcastle
22%
Lincoln Afton
21%
Crook Moorcroft
21%
Fremont Wind River Reservation
20%
Hot Springs Wind River Reservation
20%
Carbon Saratoga
19%
Fremont Shoshoni
19%
Crook Hulett
18%
Carbon Hanna
17%
Park Meeteetse
16%
Sublette Big Piney
15%
Campbell Gillette North
15%
Campbell Gillette South
15%
Laramie Pine Bluffs
15%
Platte Glendo
14%
Sweetwater Green River North
14%
Johnson Kaycee
14%
Sweetwater Rock Springs North
14%
Sweetwater Rock Springs South
14%
Washakie Ten Sleep
14%
Weston Upton
14%
Natrona Casper North
13%
Natrona Casper South
13%
Converse Glenrock
13%
Sweetwater Green River South
13%
Platte Guernsey
13%
Lincoln Kemmerer West
13%
Big Horn North Big Horn
13%
Albany Rock River
13%
Big Horn South Big Horn
13%
Teton Alta
12%
Laramie Cheyenne East
12%
Laramie Cheyenne West
12%
Platte Chugwater
12%
Lincoln Kemmerer East
12%
Hot Springs Thermopolis East
12%
Hot Springs Thermopolis West
12%
Sweetwater Wamsutter
12%
Albany East Albany
11%
Sheridan Sheridan South
11%
Sheridan Sheridan West
11%
Big Horn Central Big Horn
10%
Niobrara East Niobrara
10%
Albany South Albany
10%
Niobrara West Niobrara
10%
Sublette Boulder
9%
Fremont Jeffrey City
7%
Uinta Bridger Valley
5%
Goshen Goshen Hole
5%
Goshen Rawhide Creek
5%
Natrona Hells Half Acre
4%
No matching quizzes found
Score Distribution
Percent of People with Each Score
Percentile by Number Answered
Your Score History
You have not taken this quiz